ბათუმის შოთა რუსთაველის სახელმწიფო უნივერსიტეტის ბიბლიოთეკა

Psychiatry / (ბიბ.ჩანაწერი № 56765)

000 -LEADER
fixed length control field 02243cam a22004214a 4500
001 - CONTROL NUMBER
control field 13692973
005 - DATE AND TIME OF LATEST TRANSACTION
control field 20190421020039.0
008 - FIXED-LENGTH DATA ELEMENTS--GENERAL INFORMATION
fixed length control field 040818s2005 us a b 001 0 eng
010 ## - LIBRARY OF CONGRESS CONTROL NUMBER
LC control number 2004019758
020 ## - INTERNATIONAL STANDARD BOOK NUMBER
International Standard Book Number 0198528639 (pbk. : alk. paper)
035 ## - SYSTEM CONTROL NUMBER
System control number (DNLM)101227406
040 ## - CATALOGING SOURCE
Original cataloging agency DNLM/DLC
Transcribing agency DLC
Modifying agency DLC
041 ## - LANGUAGE CODE
Language code of text/sound track or separate title eng
042 ## - AUTHENTICATION CODE
Authentication code pcc
050 00 - LIBRARY OF CONGRESS CALL NUMBER
Classification number RC454
Item number .G38 2005
060 10 - NATIONAL LIBRARY OF MEDICINE CALL NUMBER
Classification number WM 140
Item number G315p 2005
080 ## - UNIVERSAL DECIMAL CLASSIFICATION NUMBER
Universal Decimal Classification number 616.8(075.8) G-34
082 00 - DEWEY DECIMAL CLASSIFICATION NUMBER
Classification number 616.89
Edition number 22
100 1# - MAIN ENTRY--PERSONAL NAME
Personal name Gelder, Michael G.
9 (RLIN) 251
245 10 - TITLE STATEMENT
Title Psychiatry /
Statement of responsibility, etc. Michael Gelder, Richard Mayou, John Geddes.
250 ## - EDITION STATEMENT
Edition statement 3rd ed.
260 ## - PUBLICATION, DISTRIBUTION, ETC.
Place of publication, distribution, etc. New York :
Name of publisher, distributor, etc. Oxford University Press,
Date of publication, distribution, etc. c2005.
300 ## - PHYSICAL DESCRIPTION
Extent 333 p. :
Other physical details ill. ;
Dimensions 25 cm.
440 #0 - SERIES STATEMENT/ADDED ENTRY--TITLE
Title Oxford medical publications
9 (RLIN) 252
440 #0 - SERIES STATEMENT/ADDED ENTRY--TITLE
Title Oxford core texts
9 (RLIN) 253
504 ## - BIBLIOGRAPHY, ETC. NOTE
Bibliography, etc. note Includes bibliographical references and index.
505 0# - FORMATTED CONTENTS NOTE
Formatted contents note Signs, symptoms, and diagnosis -- Assessment -- Aetiology and the scientific basis of psychiatry -- Personality and its disorders -- Reactions to stressful experiences -- Anxiety and obsessional disorders -- Physical symptoms not explained by organic pathology -- Mood disorders -- Schizophrenia and related disorders -- Delirium, dementia, and other cognitive disorders -- Psychiatry and medicine -- Eating and sleeping disorders -- Suicide and deliberate self-harm -- Problems due to the use of alcohol and other psychoactive substances -- Problems of sexuality and gender -- Psychiatry of the elderly -- Drugs and other physical treatments -- Psychological treatment -- Mental health care for a community -- Child and adolescent psychiatry -- Learning disability -- Psychiatry and the law.
650 #0 - SUBJECT ADDED ENTRY--TOPICAL TERM
Topical term or geographic name entry element Psychiatry.
9 (RLIN) 254
650 12 - SUBJECT ADDED ENTRY--TOPICAL TERM
Topical term or geographic name entry element Mental Disorders.
9 (RLIN) 255
653 ## - INDEX TERM--UNCONTROLLED
keyword ფსიქიატრია
700 1# - ADDED ENTRY--PERSONAL NAME
Personal name Mayou, Richard.
9 (RLIN) 256
700 1# - ADDED ENTRY--PERSONAL NAME
Personal name Geddes, John,
Titles and other words associated with a name MD.
9 (RLIN) 257
856 41 - ELECTRONIC LOCATION AND ACCESS
Materials specified Table of contents only
Uniform Resource Identifier http://www.loc.gov/catdir/toc/ecip0422/2004019758.html
856 42 - ELECTRONIC LOCATION AND ACCESS
Materials specified Publisher description
Uniform Resource Identifier http://www.loc.gov/catdir/enhancements/fy0635/2004019758-d.html
906 ## - LOCAL DATA ELEMENT F, LDF (RLIN)
a 7
b cbc
c orignew
d 1
e ecip
f 20
g y-gencatlg
942 ## - ADDED ENTRY ELEMENTS (KOHA)
Source of classification or shelving scheme
Koha item type წიგნი
ეგზემპლარები
Withdrawn status Lost status Source of classification or shelving scheme Damaged status Not for loan Permanent Location Current Location Date acquired Cost, normal purchase price Full call number Barcode Date last seen Price effective from Koha item type Public note
          ბათუმის შოთა რუსთაველის სახელმწიფო უნივერსიტეტის მთავარი ბიბლიოთეკა ბათუმის შოთა რუსთაველის სახელმწიფო უნივერსიტეტის მთავარი ბიბლიოთეკა 2019-04-19 88.00 616.8(075.8) G-34 123885 2019-04-19 2019-04-19 წიგნი 88 ლ